Wheater's basic pathology : (رقم التسجيلة. 24145)
[ عرض عادي ]
| 000 -الفاتح | |
|---|---|
| حقل البيانات ثابتة الطول | 02060cam a2200433 a 4500 |
| 001 - رقم الضبط | |
| رقم الضبط | 434562463 |
| 003 - محدد رقم الضبط | |
| رقم الضبط | OCoLC |
| 005 - وقت وتاريخ اخر تعامل مع التسجيلة | |
| رقم الضبط | 20150408114045.0 |
| 008 - عناصر البيانات ثابتة الطول - معلومات عامة | |
| حقل البيانات ثابتة الطول | 120623s2011 stka f 001 0 eng |
| 015 ## - رقم الببليوجرافية الوطنية | |
| رقم الببليوجرافية الوطنية | GBA984106 |
| المصدر | bnb |
| 020 ## - الرقم الدولى المعيارى للكتب | |
| الرقم الدولى المعيارى للكتاب | 9780443068027 |
| 020 ## - الرقم الدولى المعيارى للكتب | |
| الرقم الدولى المعيارى للكتاب | |
| 020 ## - الرقم الدولى المعيارى للكتب | |
| الرقم الدولى المعيارى للكتاب | |
| 035 ## - رقم ضبط النظام | |
| رقم ضبط النظام | (OCoLC)434562463 |
| رقم الضبط الملغى والمتاح | (OCoLC)432980885 |
| -- | (OCoLC)499055173 |
| 040 ## - مصدر الفهرسة | |
| وكالة الفهرسة الأصلية | NLM |
| وكالة النسخ | MU |
| وكالة التعديل | UKM |
| -- | YDXCP |
| -- | OHS |
| -- | COU |
| -- | VAM |
| -- | CGU |
| -- | IUL |
| -- | BTCTA |
| -- | MXC |
| 042 ## - رمز التحقق | |
| رمز التحقق | pcc |
| 050 #4 - رقم طلب مكتبة الكونجرس | |
| رقم التصنيف | |
| رقم المادة | |
| 060 00 - رقم الطلب بالمكتبة الطبية الوطنية | |
| رقم التصنيف | |
| 060 10 - رقم الطلب بالمكتبة الطبية الوطنية | |
| رقم التصنيف | |
| رقم المادة | |
| 082 04 - رقم تصنيف ديوى العشرى | |
| رقم التصنيف | 611.018 W H B |
| رقم الطبعة | 22 |
| 245 00 - بيان العنوان | |
| العنوان | Wheater's basic pathology : |
| بقية العنوان | a text, atlas, and review of histopathology. |
| 246 13 - العنوان الموازى | |
| عنوان صحيح/عنوان مختصر | Basic pathology. |
| 250 ## - بيان الطبعة | |
| بيان الطبعة | 5th ed. / |
| بقية بيان الطبعة | [edited by] Barbara Young, William Stewart, Geraldine O'Dowd. |
| 260 ## - PUBLICATION, DISTRIBUTION, ETC. (IMPRINT) | |
| مكان الناشر او الموزع | [Edinburgh] : |
| اسم الناشر او الموزع | Churchill Livingstone/Elsevier, |
| تاريخ النشر أو التوزيع | c2011. |
| 300 ## - الوصف المادى | |
| التعداد | x, 337 p.: |
| تفاصيل ماديه اخرى للوعاء | ill.; |
| أبعاد الوعاء | 30 cm. |
| 500 ## - تبصرة عامة | |
| تبصرة عامة | Rev. ed. of: Wheater's basic histopathology / [edited] by Alan Stevens, James S. Lowe, Barbara Young ; drawings by Philip J. Deakin. 2002. |
| 500 ## - تبصرة عامة | |
| تبصرة عامة | Includes index. |
| 505 0# - تبصرة محتويات-الفهرس | |
| تبصرة المحتويات المصاغة | Cellular responses to injury -- Acute inflammation, healing and repair -- Chronic inflammation -- Infections of histological importance -- Amyloidosis -- Disorders of growth -- Dysplasia and neoplasia -- Atherosclerosis -- Thrombosis and embolism -- Infarction -- Cardiovascular system -- Respiratory system -- Gastrointestinal system -- Liver and pancreaticobiliary system -- Urinary system -- Lymphoid and haematopoietic systems -- Female reproductive system -- Breast -- Male reproductive system -- Endocrine system -- Skin -- Bone and soft tissues -- Nervous system. |
| 650 12 - المدخل الاضافى بالموضوع-مصطلح موضوعى | |
| مصطلح موضوعي أو اسم جغرافي كعنصر مدخل | Histology |
| التقسيم الفرعي الشكلي | Atlases. |
| 650 12 - المدخل الاضافى بالموضوع-مصطلح موضوعى | |
| مصطلح موضوعي أو اسم جغرافي كعنصر مدخل | Pathology |
| التقسيم الفرعي الشكلي | Atlases. |
| 650 #0 - المدخل الاضافى بالموضوع-مصطلح موضوعى | |
| مصطلح موضوعي أو اسم جغرافي كعنصر مدخل | Histology, Pathological. |
| 650 #0 - المدخل الاضافى بالموضوع-مصطلح موضوعى | |
| مصطلح موضوعي أو اسم جغرافي كعنصر مدخل | Histology, Pathological |
| التقسيم الفرعي الشكلي | Atlases. |
| 9 (RLIN) | 9358 |
| 700 1# - المدخل الاضافى - اسم شخصى | |
| الإسم الشخصى | Young, Barbara, |
| العنوان والكلمات الأخرى المصاحبة للاسم | Ph. D. |
| 9 (RLIN) | 9356 |
| 700 1# - المدخل الاضافى - اسم شخصى | |
| الإسم الشخصى | Stewart, William, |
| العنوان والكلمات الأخرى المصاحبة للاسم | BSC (Hons) |
| 9 (RLIN) | 9361 |
| 700 1# - المدخل الاضافى - اسم شخصى | |
| الإسم الشخصى | O'Dowd, Geraldine. |
| 9 (RLIN) | 9359 |
| 700 1# - المدخل الاضافى - اسم شخصى | |
| الإسم الشخصى | Wheater, Paul R. |
| 9 (RLIN) | 9360 |
| 730 0# - المدخل الاضافى- عنوان موحد | |
| عنوان موحد | Wheater's basic histopathology. |
| 9 (RLIN) | 15824 |
| 942 ## - عناصر المدخل الإضافي( كوها) | |
| مصدر التصنيف او مخطط الترفيف | Dewey Decimal Classification |
| Koha [default] item type | DVD |
| حالة الفقد | نموذج السعر الفعال | حالة تلف | ليس للاعارة | رقم الطلب | رقم النسخة | تاريخ الاكتساب | الموقع الحالي | الباركود | الفرع الرئيسي | Date last seen | نوع المادة فى نظام كوها | مصدر التصنيف او خطة الترفيف | Total Checkouts | Date last checked out |
|---|---|---|---|---|---|---|---|---|---|---|---|---|---|---|
| 2013-03-10 | 611.018 W H B | C. 1 | 2012-06-23 | المكتبة المركزية بالمجمعة (CL) | 00109997 | المكتبة المركزية بالمجمعة (CL) | 2013-03-10 | كتاب | Dewey Decimal Classification | |||||
| 2013-03-10 | 611.018 W H B | C. 2 | 2012-06-23 | المكتبة المركزية بالمجمعة (CL) | 00109998 | المكتبة المركزية بالمجمعة (CL) | 2024-04-22 | كتاب | Dewey Decimal Classification | 1 | 2024-04-22 | |||
| 2013-03-10 | 611.018 W H B | C. 3 | 2012-06-23 | المكتبة المركزية بالمجمعة (CL) | 00109999 | المكتبة المركزية بالمجمعة (CL) | 2013-03-10 | كتاب | Dewey Decimal Classification | |||||
| 2013-10-31 | 611.018 W H B | 2013-10-31 | مكتبة كلية العلوم الطبية التطبيقية بالمجمعة - طالبات (AMF) | 00403264 | مكتبة كلية العلوم الطبية التطبيقية بالمجمعة - طالبات (AMF) | 2013-10-31 | كتاب | Dewey Decimal Classification | ||||||
| 2013-10-31 | 611.018 W H B | 2013-10-31 | مكتبة كلية العلوم الطبية التطبيقية بالمجمعة - طالبات (AMF) | 00403265 | مكتبة كلية العلوم الطبية التطبيقية بالمجمعة - طالبات (AMF) | 2013-10-31 | كتاب | Dewey Decimal Classification | ||||||
| 2013-10-31 | 611.018 W H B | 2013-10-31 | مكتبة كلية العلوم الطبية التطبيقية بالمجمعة - طالبات (AMF) | 00403266 | مكتبة كلية العلوم الطبية التطبيقية بالمجمعة - طالبات (AMF) | 2013-10-31 | كتاب | Dewey Decimal Classification | ||||||
| 2013-10-31 | 611.018 W H B | 2013-10-31 | مكتبة مجمع الكليات بالزلفى - طلاب (SZM) | 00403267 | مكتبة مجمع الكليات بالزلفى - طلاب (SZM) | 2013-10-31 | كتاب | Dewey Decimal Classification | ||||||
| 2013-10-31 | 611.018 W H B | 2013-10-31 | مكتبة مجمع الكليات بالزلفى - طلاب (SZM) | 00403268 | مكتبة مجمع الكليات بالزلفى - طلاب (SZM) | 2013-10-31 | كتاب | Dewey Decimal Classification |
